000 00761cab a2200265 4500
001 X3110
008 090401t1996 xxu||||| |||| 00| 0 eng d
035 _a(Sirsi) u28495
041 _aeng
245 _aFriends` Provident Life Office v British Railways Board
260 _c1996
350 _a0
490 _aAll England Law Reports
_v1996 1 All ER 336-352(17)
520 _aCA 25 July 1996.
650 _aCOMMERCIAL LEASES
650 _aFRIENDS PROVIDENT LIFE OFFICE V BRITISH RAILWAYS BOARD
650 _aLEASES
650 _aORIGINAL TENANT
650 _aPERSONAL COVENANT
650 _aSURRENDER OF LEASE
650 _aVARIATION OF TERMS
690 _aLANDLORD AND TENANT-CASE LAW-BUSINESS TENANCIES
942 _n0
948 _c04/03/1997
999 _c19174
_d19174